All metallica albums. - Statistics

General Stats
  • This quiz has been taken 314 times
  • The average score is 10 of 11
Answer Stats
Year album % Correct
1983 Kill em All
98%
1986 Master of Puppets
97%
1984 Ride the Lightning
96%
1988 And Justice for All
95%
1996 Load
92%
1997 Reload
91%
2003 St. Anger
89%
1991 Black Album
85%
2008 Death Magnetic
85%
2016 Hardwired
83%
1998 Garage Inc
72%
No matching quizzes found
Score Distribution
Percent of People with Each Score
Percentile by Number Answered
Your Score History
You have not taken this quiz